Planetas do sistema solar - Statistics

General Stats
  • This quiz has been taken 60 times
  • The average score is 6 of 8
Answer Stats
Answer % Correct
Terra
88%
Vênus
84%
Júpiter
79%
Marte
79%
Saturno
79%
Mercúrio
74%
Urano
72%
Netuno
60%
No matching quizzes found
Score Distribution
Percent of People with Each Score
Percentile by Number Answered
Your Score History
You have not taken this quiz